[Event "MVP-ch Seniors op 19th"]
[Site "Ostseebad Binz"]
[Date "2019.11.27"]
[Round "1"]
[White "Kuehn, Peter1"]
[Black "Traut, Alexander"]
[Result "1-0"]
[WhiteElo "1926"]
[BlackElo "1590"]
[PlyCount "49"]
[EventDate "2019.11.27"]
[EventType "swiss"]
[EventRounds "9"]
[EventCountry "GER"]
[SourceTitle "EXT 2021"]
[Source "ChessBase"]
[SourceDate "2020.10.23"]
[SourceVersion "1"]
[SourceVersionDate "2020.10.23"]
[SourceQuality "1"]

1. e4 e5 2. Nf3 Nc6 3. d4 exd4 4. Nxd4 Nxd4 5. Qxd4 d6 6. Nc3 a6 7. a4 Bd7 8. Bd3 c5 9. Qe3 g6 10. 0-0 Nh6 11. a5 Ng4 12. Qe1 Ne5 13. Be2 Be6 14. f4 Nc6 15. Nd5 Be7 16. f5 Bd7 17. Ra3 Na7 18. Rg3 Bf8 19. b4 Nc8 20. bxc5 dxc5 21. Bf4 Nd6 22. Nb6 Ra7 23. Rd3 Be7 24. Qd1 0-0 25. Bxd6 1-0

[Event "MVP-ch Seniors op 14th"]
[Site "Binz"]
[Date "2014.12.02"]
[Round "8"]
[White "Traut, Alexander"]
[Black "Walther, Renate"]
[Result "1-0"]
[WhiteElo "1406"]
[BlackElo "819"]
[PlyCount "81"]
[EventDate "2014.11.25"]
[EventType "swiss"]
[EventRounds "9"]
[EventCountry "GER"]
[SourceTitle "EXT 2016"]
[Source "ChessBase"]
[SourceDate "2015.10.08"]
[SourceVersion "1"]
[SourceVersionDate "2015.10.08"]
[SourceQuality "1"]

1. e4 e5 2. Nf3 d5 3. Nc3 Nf6 4. Bd3 Bd6 5. exd5 0-0 6. 0-0 c6 7. Bc4 h6 8. d3 Bf5 9. h3 Re8 10. g4 e4 11. gxf5 exf3 12. Qxf3 Bc5 13. Be3 Bxe3 14. fxe3 Qc7 15. e4 Nbd7 16. Qf2 Ne5 17. Bb3 Rad8 18. d4 Neg4 19. hxg4 Nxg4 20. Qf4 Qxf4 21. Rxf4 h5 22. e5 Ne3 23. Re1 Nxd5 24. Bxd5 cxd5 25. Rh4 g6 26. Kf2 Kf8 27. Rg1 Kg7 28. Nb5 Kh6 29. Nd6 Rf8 30. Nxb7 Rd7 31. Nc5 Re7 32. Ke3 g5 33. Rh2 f6 34. e6 a5 35. Nd7 Rff7 36. Kd3 Rxd7 37. exd7 Rxd7 38. Re1 g4 39. Reh1 Kg5 40. Rxh5+ Kf4 41. Rh7 1-0

[Event "MVP-ch Seniors op 12th"]
[Site "Binz"]
[Date "2012.12.05"]
[Round "8"]
[White "Knoblach, Norbert"]
[Black "Traut, Alexander"]
[Result "1-0"]
[WhiteElo "1557"]
[BlackElo "1337"]
[PlyCount "47"]
[EventDate "2012.11.28"]
[EventType "swiss"]
[EventRounds "9"]
[EventCountry "GER"]
[SourceTitle "EXT 2014"]
[Source "ChessBase"]
[SourceDate "2013.11.20"]
[SourceVersion "1"]
[SourceVersionDate "2013.11.20"]
[SourceQuality "1"]

1. d4 Nf6 2. c4 e6 3. Nc3 d6 4. Nf3 Be7 5. e4 0-0 6. Bd3 h6 7. 0-0 Nh7 8. Re1 b6 9. Be3 a6 10. e5 Bb7 11. Ne4 d5 12. cxd5 exd5 13. Ng3 Bc8 14. Qd2 g5 15. Qc2 f5 16. Nxf5 h5 17. Ng3 Rf7 18. Nxh5 Nf8 19. Ng3 c6 20. a3 Ra7 21. b4 Rc7 22. Qd2 g4 23. e6 Rxf3 24. gxf3 1-0

[Event "MVP-ch Seniors op 12th"]
[Site "Binz"]
[Date "2012.12.04"]
[Round "7"]
[White "Traut, Alexander"]
[Black "Wenske, Hardy"]
[Result "0-1"]
[WhiteElo "1337"]
[BlackElo "1643"]
[PlyCount "102"]
[EventDate "2012.11.28"]
[EventType "swiss"]
[EventRounds "9"]
[EventCountry "GER"]
[SourceTitle "EXT 2014"]
[Source "ChessBase"]
[SourceDate "2013.11.20"]
[SourceVersion "1"]
[SourceVersionDate "2013.11.20"]
[SourceQuality "1"]

1. e4 c6 2. Nc3 d5 3. a3 d4 4. Nce2 e5 5. d3 Nf6 6. g3 Bg4 7. Bg2 Be7 8. h3 Be6 9. g4 Nfd7 10. Nf3 h6 11. 0-0 c5 12. b3 Nc6 13. Bd2 Nf8 14. Qc1 Qd7 15. Nh2 g5 16. Ng3 Ng6 17. Nh5 Rg8 18. Qb2 Nf4 19. Bxf4 gxf4 20. f3 f6 21. Kf2 a5 22. Rg1 Na7 23. b4 Kf7 24. b5 b6 25. a4 Nc8 26. Rgd1 Nd6 27. Bf1 Rac8 28. c4 dxc3 29. Qxc3 Ne8 30. Rac1 Nd6 31. Be2 Nb7 32. Nf1 Qd4+ 33. Qxd4 cxd4 34. Nd2 Bc5 35. Nc4 Bxc4 36. Rxc4 Nd6 37. Rc2 Bb4 38. Rdc1 Bc3 39. Bd1 Nb7 40. Ra2 Nc5 41. Ke2 Rc7 42. Rcc2 Rgc8 43. Rc1 Kg6 44. Rcc2 Nb3 45. Kf1 Nc5 46. Ke2 Kg5 47. Ng7 Rxg7 48. Rc1 Rgc7 49. Bc2 Bb4 50. Rd1 Kh4 51. Rc1 Nxa4 0-1

[Event "MVP-ch Seniors op 12th"]
[Site "Binz"]
[Date "2012.11.29"]
[Round "2"]
[White "Scholz, Werner"]
[Black "Traut, Alexander"]
[Result "0-1"]
[WhiteElo "1592"]
[BlackElo "1337"]
[PlyCount "138"]
[EventDate "2012.11.28"]
[EventType "swiss"]
[EventRounds "9"]
[EventCountry "GER"]
[SourceTitle "EXT 2014"]
[Source "ChessBase"]
[SourceDate "2013.11.20"]
[SourceVersion "1"]
[SourceVersionDate "2013.11.20"]
[SourceQuality "1"]

1. d4 Nf6 2. Nf3 e6 3. e3 a6 4. Bd3 d5 5. Nbd2 c5 6. c3 c4 7. Bc2 Bd6 8. 0-0 b5 9. e4 dxe4 10. Nxe4 h6 11. Nxf6+ Qxf6 12. Be4 Ra7 13. Re1 Re7 14. b3 Bb7 15. bxc4 Bxe4 16. Rxe4 0-0 17. cxb5 Qf5 18. Qe2 axb5 19. Ne5 Qh7 20. Rh4 Rb7 21. Qg4 f5 22. Qg3 Rf6 23. Qf3 Rc7 24. Bd2 Bxe5 25. dxe5 Rf8 26. Qg3 h5 27. a4 Ra7 28. a5 g6 29. c4 Rd8 30. Qc3 Rad7 31. Rd1 g5 32. Rh3 f4 33. g4 h4 34. cxb5 Rc7 35. Qb3 Rd5 36. Rc3 Qd7 37. Rxc7 Qxc7 38. Rc1 Qd7 39. Be1 Rxe5 40. Qc2 Qe8 41. Qc8 Rxe1+ 42. Kg2 Rxc1 43. Qxc1 Qxb5 44. Qc8+ Kf7 45. Qc7+ Nd7 46. a6 Qd5+ 47. f3 Ke7 48. a7 Qa8 49. Kf2 Ke8 50. Qa5 e5 51. Qa4 Kd8 52. Qa5+ Kc8 53. Ke2 Nf8 54. Qa6+ Kc7 55. Qa5+ Kb7 56. Qc5 Qxa7 57. Qxf8 Qe3+ 58. Kd1 Qxf3+ 59. Kc2 Qe2+ 60. Kb3 f3 61. Qb4+ Kc6 62. Qc3+ Kd5 63. Qa5+ Ke4 64. Qb4+ Ke3 65. Qc5+ Kf4 66. Qb4+ Qe4 67. Qd2+ Qe3+ 68. Kc2 Qxd2+ 69. Kxd2 e4 0-1

[Event "Niedersachsen-ch Seniors op 14th"]
[Site "Bad Bevensen"]
[Date "2011.07.13"]
[Round "9"]
[White "Traut, Alexander"]
[Black "Ludwig, Richard"]
[Result "0-1"]
[WhiteElo "1318"]
[BlackElo "1431"]
[PlyCount "34"]
[EventDate "2011.07.05"]
[EventType "swiss"]
[EventRounds "9"]
[EventCountry "GER"]
[SourceTitle "EXT 2012"]
[Source "ChessBase"]
[SourceDate "2011.11.24"]
[SourceVersion "1"]
[SourceVersionDate "2011.11.24"]
[SourceQuality "1"]

1. e4 Nf6 2. Nc3 d5 3. e5 d4 4. Nb1 Nd5 5. d3 Nc6 6. f4 e6 7. Nf3 Bb4+ 8. Kf2 0-0 9. a3 Be7 10. g3 f6 11. Kg1 fxe5 12. fxe5 Rf7 13. c4 Ne3 14. Bxe3 dxe3 15. b4 Nd4 16. Be2 Nxf3+ 17. Bxf3 Qd4 0-1

[Event "Niedersachsen-ch Seniors op 14th"]
[Site "Bad Bevensen"]
[Date "2011.07.05"]
[Round "1"]
[White "Traut, Alexander"]
[Black "Matrisch, Gerd"]
[Result "0-1"]
[WhiteElo "1318"]
[BlackElo "1774"]
[PlyCount "90"]
[EventDate "2011.07.05"]
[EventType "swiss"]
[EventRounds "9"]
[EventCountry "GER"]
[SourceTitle "EXT 2012"]
[Source "ChessBase"]
[SourceDate "2011.11.24"]
[SourceVersion "1"]
[SourceVersionDate "2011.11.24"]
[SourceQuality "1"]

1. e4 e5 2. Nf3 Nc6 3. a3 Nf6 4. Nc3 Bc5 5. Be2 d6 6. d3 h6 7. h3 Be6 8. Nh2 0-0 9. Bg4 Nxg4 10. Nxg4 Qh4 11. g3 Bxg4 12. Qxg4 Qxg4 13. hxg4 Nd4 14. Kd1 Nf3 15. Ke2 Nd4+ 16. Kd1 Ne6 17. f4 exf4 18. gxf4 f6 19. Ne2 c6 20. f5 Nc7 21. d4 Bb6 22. c3 d5 23. Ng3 Rfe8 24. Re1 dxe4 25. Nxe4 Rad8 26. Bf4 Nd5 27. Bd2 Kf7 28. Kc2 Nc7 29. Re2 c5 30. dxc5 Bxc5 31. Rae1 Bf8 32. Bf4 Nd5 33. Bg3 Rc8 34. Rd2 Nb6 35. Kb3 Rc4 36. Rde2 Rec8 37. Bd6 Rxe4 38. Rxe4 Bxd6 39. Re6 Be5 40. Rd1 g6 41. Rxb6 axb6 42. Rd7+ Kg8 43. fxg6 Rc7 44. Rd8+ Kg7 45. Rd3 Kxg6 0-1

[Event "Niedersachsen-ch Seniors op 13th"]
[Site "Bad Bevensen"]
[Date "2010.07.09"]
[Round "4"]
[White "Traut, Alexander"]
[Black "Vierroth, Hans"]
[Result "1-0"]
[WhiteElo "1358"]
[BlackElo "1573"]
[PlyCount "127"]
[EventDate "2010.07.06"]
[EventType "swiss"]
[EventRounds "9"]
[EventCountry "GER"]
[SourceTitle "EXT 2012"]
[Source "ChessBase"]
[SourceDate "2011.11.24"]
[SourceVersion "1"]
[SourceVersionDate "2011.11.24"]
[SourceQuality "1"]

1. e4 e5 2. Nf3 Nc6 3. Nc3 Bc5 4. d3 d6 5. h3 h6 6. Be2 a6 7. a3 Nf6 8. Be3 Nd4 9. Qc1 Be6 10. Bxd4 exd4 11. Nd1 Ba7 12. Nh2 Qd7 13. Qf4 0-0-0 14. g4 Nh7 15. Nf3 g5 16. Qg3 f6 17. b3 Nf8 18. Nd2 Ng6 19. Nb2 Nf4 20. Bf3 Qc6 21. Nbc4 b5 22. e5 d5 23. 0-0 bxc4 24. bxc4 fxe5 25. Rfe1 Qd6 26. Reb1 h5 27. gxh5 Nxh3+ 28. Kf1 Nf4 29. cxd5 Nxd5 30. Nc4 Qf8 31. Nxe5 Qf4 32. Kg2 Qxg3+ 33. Kxg3 Rdg8 34. Nc6 Bb6 35. Bxd5 Bxd5 36. Ne7+ Kb7 37. Nxd5 Rxh5 38. Nf6 Rhh8 39. Nxg8 Rxg8 40. Kg4 Rg7 41. Rb4 Kc6 42. Rc4+ Kd6 43. a4 a5 44. Rh1 Rf7 45. f3 Rf4+ 46. Kxg5 Rxf3 47. Rh6+ Ke5 48. Rh4 Rf5+ 49. Kg6 Rf6+ 50. Kg7 Rf3 51. Rh5+ Rf5 52. Rxf5+ Kxf5 53. c3 Ke5 54. cxd4+ Bxd4 55. Rxc7 Be3 56. Rd7 Bc5 57. Kf7 Bf2 58. Ke8 Bb6 59. Rb7 Be3 60. Rb5+ Kd4 61. Rxa5 Kxd3 62. Rb5 Kc4 63. Rb7 Bc5 64. a5 1-0